000 00901nas a2200265 4500
001 BR9210653
003 BR-BrBNA
005 20231205093415.0
007 ta
008 230509b bl.|||p| |||| 00| 00por d
040 _aBR-BrBNA
_bpor
_cBiblioteca Nacional de Agricultura
041 _a(Pt)
072 _aF03
100 1 _aAlliprandini, L.F.
100 1 _aBatista, L.A.
100 1 _aGodoy, R.
245 1 _aAvaliacao do periodo de dormencia em sementes do capim-andropogon (Andropogon gayanus Kunth)
246 1 _aEvaluation of the dormancy period in andropogon (Andropogon gayanus Kunth)seeds
650 _aCAPIM ANDROPOGON
650 _aSEMENTE
650 _aDORMENCIA DA SEMENTE
773 0 _tRevista da Sociedade Brasileira de Zootecnia (Brazil)
_xISSN 0100-4859
_g(Mar-Apr 1992), v. 21(2) p. 298-299
_wBR9210653
909 _a202311
_bLúcia
_c55
_dLúcia Elande
942 _2AGRIS
_n0
_cANA
999 _c138119
_d138119